LAB MANUAL OF PHARMACEUTICAL UNIT OPERATIONS (Record no. 6297)

MARC details
000 -LEADER
fixed length control field 00461nam a22001817a 4500
005 - DATE AND TIME OF LATEST TRANSACTION
control field 20210825164011.0
008 - FIXED-LENGTH DATA ELEMENTS--GENERAL INFORMATION
fixed length control field 200518b xxu||||| |||| 00| 0 eng d
020 ## - INTERNATIONAL STANDARD BOOK NUMBER
ISBN 9789384875183
041 ## - LANGUAGE CODE
Language code of text/sound track or separate title eng
082 ## - DEWEY DECIMAL CLASSIFICATION NUMBER
Classification number 615 SHA
100 ## - MAIN ENTRY--AUTHOR NAME
Personal name SHARMA, DINESH KUMAR
245 ## - TITLE STATEMENT
Title LAB MANUAL OF PHARMACEUTICAL UNIT OPERATIONS
250 ## - EDITION STATEMENT
Edition statement 1'st
260 ## - PUBLICATION, DISTRIBUTION, ETC. (IMPRINT)
Place of publication Modinagar(UP)
Name of publisher Unnati Publication
Year of publication 2018
300 ## - PHYSICAL DESCRIPTION
Number of Pages 176
650 ## - SUBJECT ADDED ENTRY--TOPICAL TERM
Topical Term Pharmacy
942 ## - ADDED ENTRY ELEMENTS (KOHA)
Koha item type Books
Holdings
Lost status Damaged status Collection code Home library Current library Shelving location Date acquired Source of acquisition Cost, normal purchase price Full call number Accession Number Koha item type
    PHARMACY JRU Library JRU Library Shelf - 27- A 18/05/2020 PURCHASE 153.00 615 SHA 24075 Books
    PHARMACY JRU Library JRU Library Shelf - 27- A 18/05/2020 PURCHASE 153.00 615 SHA 24076 Books
    PHARMACY JRU Library JRU Library Shelf - 27- A 18/05/2020 PURCHASE 153.00 615 SHA 24077 Books
    PHARMACY JRU Library JRU Library Shelf - 27- A 18/05/2020 PURCHASE 153.00 615 SHA 24078 Books
    Reference JRU Library JRU Library SHELF-4-C 18/05/2020 PURCHASE 153.00 615 SHA 24079 Books